| 000 | 00686nam a2200229 a 4500 | ||
|---|---|---|---|
| 005 | 20210223124619.0 | ||
| 008 | 020520s2000 mx r 000 0 spa d | ||
| 020 | _a8477387214 | ||
| 035 | _aUPN01000117362 | ||
| 049 | _aCG | ||
| 050 | 4 |
_aHT145 E5 _bR6.3 |
|
| 100 | 1 | _aRodrigo, Pilar | |
| 245 | 1 | 3 |
_aEl espacio urbano / _cPilar Rodrigo, Antonio Rodrigo. |
| 260 |
_aMadrid : _bSíntesis Educación, _c2000. |
||
| 300 |
_a255 p. : _bil. |
||
| 440 | 0 | _aDidáctica de las ciencias sociales | |
| 500 | _a"Práctica educativa" | ||
| 650 | 4 |
_aURBANISMO - _xESTUDIO Y ENSEÑANZA |
|
| 650 | 4 |
_aCIUDADES Y PUEBLOS - _zESPAÑA _98017 |
|
| 700 | 1 |
_aRodrigo, Antonio, _ecoaut. |
|
| 905 | _aLibro | ||
| 999 |
_c89895 _d89895 |
||